• 首页
  • 本馆介绍
  • 公告通知
  • 最新文献
  • 馆藏检索
  • 电子资源
  • 读者导购
  • 参考咨询
  • 我的图书馆
  • 登录
  • 详细信息显示
  • 放入我的书架
  • 预约/预借图书
  • 作者相关作品
  • 分类相关作品
  • 丛书相关作品
  • 出版社相关作品

书目信息

  • 表格格式
  • 工作单格式
  • 卡片格式
题名:
物理学史
    
 
作者: 郭奕玲, , 沈慧君, 编著
分册:  
出版信息: 北京   清华大学出版社  2005
页数: 480页
开本: 25cm
丛书名:
单 册:
中图分类: O4-09
科图分类:
主题词: 物理学史--wu li xue shi , 物理学
电子资源:
ISBN: 7-302-11530-3
000 00888nam0 2200277 450
001 2257516999
005 20220901155941.04
010    @a7-302-11530-3@dCNY86.80
100    @a20050915d2005 ekmy0chiy0121 ea
101 0  @achi
102    @aCN@b110000
105    @aack a 000yy
200 1  @a物理学史@Awu li xue shi@d= History of physics@f郭奕玲, 沈慧君编著@zeng
205    @a第2版
210    @a北京@c清华大学出版社@d2005
215    @a480页@c图, 肖像@d25cm
320    @a有书目。
330    @a本书介绍物理学发展的历史,着重讲述物理学基本概念、基本定律和各主要分支的形成过程,特别侧重现代物理学的发展史。
510 1  @aHistory of physics@zeng
606 0  @a物理学史@Awu li xue shi
606 0  @a物理学
690    @aO4-09@v4
701  0 @a郭奕玲,@Aguo yi ling@f1931-@4编著
701  0 @a沈慧君,@Ashen hui jun@f1935-@4编著
801  0 @aCN@bTSU@c20050915
905    @aZUCC@dO4-09@e1298
    
    物理学史= History of physics/郭奕玲, 沈慧君编著.-第2版.-北京:清华大学出版社,2005
    480页:图, 肖像;25cm
    
    
    ISBN 7-302-11530-3:CNY86.80
    本书介绍物理学发展的历史,着重讲述物理学基本概念、基本定律和各主要分支的形成过程,特别侧重现代物理学的发展史。
●
相关链接 在E读中查询图书 在五车中查询图书 在当当中查询图书 在豆瓣中查询图书


正题名:物理学史     索取号:O4-09/1298         预约/预借

序号 登录号 条形码 馆藏地/架位号 状态 备注
1 1056669   210566699   第二样本阅览室/ [索取号:O4-09/1298] 在馆    
唐山师范学院图书馆 欢迎您!
大连网信软件有限公司© 版权所有